Normal view MARC view
  • Watanabe, Ken,

Entry Personal Name

Number of records used in: 1

001 - CONTROL NUMBER

  • control field: 35245

003 - CONTROL NUMBER IDENTIFIER

  • control field: OSt

005 - DATE AND TIME OF LATEST TRANSACTION

  • control field: 20140216144919.0

008 - FIXED-LENGTH DATA ELEMENTS

  • fixed length control field: 140216|| aca||aabn | a|a d

040 ## - CATALOGING SOURCE

  • Original cataloging agency: OSt

100 1# - HEADING--PERSONAL NAME

  • Personal name: Watanabe, Ken,
  • Dates associated with a name: 1959-

400 1# - SEE FROM TRACING--PERSONAL NAME

  • Personal name: Watanabe, Kensaku,
  • Dates associated with a name: 1959-